000 00610nam a2200205 a 4500
001 000011964
005 20240412074229.0
008 091102s1977 sp 000 0 spa d
020 _a843996546X
040 _aDO-SdBNP
_bspa
_cBNPHU
082 _aRD861.44
_bT315p
100 1 _aTerc, Nemén Michel
_925878
245 1 0 _aPalabras de tierra /
_cNemén Michel Terc.
260 _aZaragoza :
_bCometas,
_c1977.
300 _a101 p. ;
_c20 cm.
500 _aIncluye datos biográficos del autor en la contracubierta
650 0 _aPoesía dominicana
_966
650 0 _aLiteratura dominicana.
_967
049 _aBNPD
999 _c11634
_d11634